000 00720nam a2200265Ia 4500
005 20260302120003.0
008 008 260114s9999 xx 000 0 eng d
020 _a9781666998580
037 _aTextbook
040 _aCRL
040 _beng
040 _cCRL
041 _2eng
041 _aeng
084 _qCRL
100 _aBrian Wolf
_91123280
245 0 _aGood Trouble How Deviants, Criminals, Heretics, and Outsiders Have Changed the World for the Better
260 _bBloomsbury
260 _bLexington Books
260 _c2019
650 _aLaw
856 _uhttps://doi.org/10.5040/9781666998580?locatt=label:secondary_bloomsburyCollections
942 _cEBOOK
999 _c1688163
_d1688163